01274nam a2200325 a 4500001001200000003000800012006001900020007001500039008004100054010001700095020003800112020003500150020002700185040002100212035002100233050002200254082002100276100002700297245010000324260006200424300003000486500002000516533015200536630004400688650002700732655002900759710001700788856012600805999001700931ebr10728364CaPaEBRm o u cr cn|||||||||130402s2013 inua s 001 0 eng d z 2013936845 z9781118575208 (pbk. : alk. paper) z1118575202 (pbk. : alk. paper) z9781118757598 (e-book) aCaPaEBRcCaPaEBR a(OCoLC)85456907814aT385b.T74 2013eb04a620.004202852231 aTremblay, Thom,d1967-10aAutodesk Inventor 2014 and Inventor LT 2014 essentialsh[electronic resource] /cThom Tremblay. aIndianapolis :bSybex :bAutodesk Official Press,cc2013. axxvi, 386 p. :bcol. ill. aIncludes index. aElectronic reproduction.bPalo Alto, Calif. :cebrary,d2013.nAvailable via World Wide Web.nAccess may be limited to ebrary affiliated libraries.00aAutodesk Inventor (Electronic resource) 0aComputer-aided design. 7aElectronic books.2local2 aebrary, Inc.40uhttp://site.ebrary.com/lib/rucke/Doc?id=10728364zAn electronic book accessible through the World Wide Web; click to view c37876d37876